| 000 | 00487nam a2200193Ia 4500 | ||
|---|---|---|---|
| 003 | GCL | ||
| 008 | 140319s9999 xx 000 0 eng d | ||
| 040 |
_aGCL / _cGCL |
||
| 082 | 0 | 4 |
_a843 _bC M |
| 100 | 1 | _aCENDRARS, BLAISE | |
| 245 | 1 | 0 |
_aMORAVAGINE / _cCENDRARS, BLAISE |
| 260 |
_a[S.N] : _bBERNARD GRASSET ، _c1994 |
||
| 300 | _a242 P | ||
| 490 |
_aLES CAHIERS ROUGES _v0 |
||
| 650 | 0 | 4 | _aLITERATURE |
| 650 | 0 | 4 | _aFRENCH LANGUAGE |
| 650 | 0 | 4 | _aFRENCH LITERATURE |
| 942 |
_2ddc _cBK |
||
| 999 |
_c21477 _d21477 |
||